000 00329 a2200157 4500
001 182474
020 _a85-00-91469-6
040 _cMagnum
100 _aAzevedo, Álvares de
240 1 0 _aNoite na taverna
_lpor
245 1 0 _aNoite na taverna
300 _a88
362 0 _a2001
697 _aLITERATURA GERAL
942 _cBK
999 _c182474
_d182474